|
|
|
|
| LEADER |
00000nam0a2200000 4500 |
| 001 |
28312 |
| 005 |
20231030202756.0 |
| 010 |
|
|
|a 573100384X
|
| 035 |
|
|
|a (RuTPU)RU\TPU\book\28568
|
| 035 |
|
|
|a BOOK00028643
|
| 090 |
|
|
|a 28312
|
| 100 |
|
|
|a 20011209d1994 u y0rusy50 ca
|
| 101 |
0 |
|
|a rus
|
| 102 |
|
|
|a RU
|
| 105 |
|
|
|a f 000|y
|
| 200 |
1 |
|
|a Выбор и реализация приоритетов научно-технического прогресса
|e учебное пособие
|f Под ред. А. И. Муравьева; МФТИ, СПбУЭФ
|
| 210 |
|
|
|a СПб.
|c Изд-во СПбУЭФ
|d 1994
|
| 215 |
|
|
|a 105 с.
|
| 320 |
|
|
|a Библиогр.: с. 103.
|
| 610 |
1 |
|
|a экономика
|
| 610 |
1 |
|
|a Россия
|
| 610 |
1 |
|
|a научно-технический прогресс
|
| 610 |
1 |
|
|a государственная научно-техническая политика
|
| 610 |
1 |
|
|a предприятия
|
| 610 |
1 |
|
|a финансовый анализ
|
| 610 |
1 |
|
|a учебные пособия
|
| 686 |
|
|
|a У9(2)0-551
|v LBC/SL-A
|2 rubbk
|
| 702 |
|
1 |
|a Муравьев
|b А. И
|
| 712 |
0 |
2 |
|a Санкт-Петербургский государственный университет экономики и финансов (СПбГУЭФ)
|c (1991- )
|2 stltpush
|3 (RuTPU)RU\TPU\col\151
|
| 712 |
0 |
2 |
|a Московский физико-технический институт (Государственный университет) (МФТИ)
|2 stltpush
|3 (RuTPU)RU\TPU\col\222
|
| 801 |
|
0 |
|a RU
|b 63413507
|c 20011209
|g PSBO
|
| 801 |
|
2 |
|a RU
|b 63413507
|c 20100316
|g PSBO
|
| 942 |
|
|
|c BK
|